000 002340000a22000970004500
100 1 _aLiggins, Stephen
245 1 0 _aAborigenes and the church
300 _aNúm 66 (1994), Páginas 22-23
773 0 _tWorld Evangelization
942 _cANA
999 _c57767
_d57767